| 000 | 00458pab a2200157 454500 | ||
|---|---|---|---|
| 008 | 180718b2012 xxu||||| |||| 00| 0 eng d | ||
| 100 | _aJackson, Terence | ||
| 245 | _aPost colonialism and organizational knowledge in the wake of China's presence in Africa: Interrogating south - south relation | ||
| 260 | _c2012 | ||
| 300 | _ap.181-204. | ||
| 362 | _aMar | ||
| 650 | _aOrganizational culture | ||
| 773 | _aOrganization | ||
| 908 | _aN | ||
| 909 | _a95307 | ||
| 999 |
_c95307 _d95307 |
||